Discurso pronunciado en la plazuela principal de la alameda de la capital de la República mexicana, por el C. José María Aguilar ...

Detalles Bibliográficos
Formato: Libro
Publicado: México 1837
Materias:
Colección:Banco de datos
Acervo:Biblioteca del Ex Convento de Nuestra Señora de Guadalupe. Zacatecas
Tema general:Historia Civil
Notas:Buena. XXII,3,24 (6767). Encuadernado con veintiséis obras más
LEADER 00761nam a22001810004500
035 |a 43552 
036 |a 4736 
245 1 0 |a Discurso pronunciado en la plazuela principal de la alameda de la capital de la República mexicana, por el C. José María Aguilar ... 
260 |a México  |b imp. Ignacio Cumplido  |c 1837 
500 |a Buena. XXII,3,24 (6767). Encuadernado con veintiséis obras más 
650 1 0 |a Historia Civil 
949 |a CRZ-CG 
959 |a Ex convento de Nuestra Señora de Guadalupe, Museo Regional de Zacatecas, Zacatecas  |b CCC4 
960 |a Convento de Nuestra Señora de Guadalupe, Zacatecas  |b DD87 
961 |a Franciscana  |b OF 
942 |c CRZ-CG 
943 |g Biblioteca del Ex Convento de Nuestra Señora de Guadalupe. Zacatecas 
999 |c 967679  |d 967679